Brasileiros Famosos por Foto #4 - Statistics

Estatísticas Gerais
  • Esse quiz foi jogado 78 vezes
  • A pontuação média é 5 de 20
Estatísticas das Respostas
Imagem Hint Resposta % Correto
Cartunista Mauricio de Sousa
86%
Jogador de Futebol Garrincha
84%
Pedagogo Paulo Freire
64%
Jornalista Marília Gabriela
61%
Escultor Aleijadinho
40%
Cantora Clara Nunes
24%
Guerrilheiro Carlos Marighella
23%
Político Rui Barbosa
21%
Ativista do Movimento Negro Djamila Ribeiro
16%
Tenista Maria Bueno
14%
Pintor Candido Portinari
13%
Ator Othon Bastos
13%
Nadadora Maratonista Ana Marcela Cunha
11%
Escritora Lygia Fagundes Telles
10%
Psiquiatra Nise da Silveira
7%
Pianista Ernesto Nazareth
6%
Ativista Política Pagu
6%
Matemático Artur Avila
4%
Gramático Evanildo Bechara
4%
Arquiteta Lota
4%
Nenhum quiz correspondente encontrado
Distribuição das Pontuações
Porcentagem de Pessoas com Cada Pontuação
Percentil de Números Respondidos
Sua Pontuação Histórica
Você não jogou esse quiz